Путешествие по северным берегам Сибири и по Ледовитому морю, совершенное в 1820, 1821, 1822, 1823 и 1824 гг. экспедицией под начальством флота лейтенанта Ф. П. Врангеля; Ф. П. Врангель. 1796-1870 (очерк жизни и деятельности); Ф. Ф. Матюшкин. 1799-1872 (очерк жизни и деятельности); Экспедиция Ф. П. Врангеля и Ф. Ф. Матюшкина и изучение малых народов крайнего северо-востока

Bibliografski detalji
Glavni autor: Врангель Ф. П. Фердинанд Петрович
Daljnji autori: Шведе Е. (редактор)
Sažetak:В издание вошли работы Ф. П. Врангеля "Путешествия по северным берегам Сибири и по Ледовитому морю" (1841) и "О средствах достижения полюса" ("Записки ИРГО", Кн.2,1847), а также впервые опубликованы письма мичмана Ф. Ф. Матюшкина.
Jezik:ruski
Izdano: Москва, Изд-во Главсевморпути, 1948
TOC:Б. Г. Островский, Ф. П. Врангель. 1796-1870 (очерк жизни и деятельности);
Ю. В. Давыдов, Ф. Ф. Матюшкин. 1799-1872 (очерк жизни и деятельности);
М. А. Сергеев, Экспедиция Ф. П. Врангеля и Ф. Ф. Матюшкина и изучение малых народов крайнего северо-востока;
Teme:
Format: Knjiga
KOHA link:https://koha.lib.tpu.ru/cgi-bin/koha/opac-detail.pl?biblionumber=199395

MARC

LEADER 00000nam0a2200000 4500
001 199395
005 20231101224859.0
010 |b 15000 экз. 
035 |a (RuTPU)RU\TPU\book\217425 
090 |a 199395 
100 |a 20110805d1948 m y0rusy50 ca 
101 0 |a rus 
102 |a RU 
105 |a acf z 001zd 
200 1 |a Путешествие по северным берегам Сибири и по Ледовитому морю, совершенное в 1820, 1821, 1822, 1823 и 1824 гг. экспедицией под начальством флота лейтенанта Ф. П. Врангеля  |f Ф. П. Врангель  |g под общей ред. контр-адмирала Е. Шведе 
210 |a Москва  |c Изд-во Главсевморпути  |d 1948 
215 |a 455 с.  |c ил., карты 
300 |a В издание вошли работы Ф. П. Врангеля "Путешествия по северным берегам Сибири и по Ледовитому морю" (1841) и "О средствах достижения полюса" ("Записки ИРГО", Кн.2,1847), а также впервые опубликованы письма мичмана Ф. Ф. Матюшкина. 
320 |a Словарь этнографических терминов и местных названий: с. 431-441 
320 |a Указатель географических названий: с. 442-447 
320 |a Указатель личных имен: с. 447-452. 
464 |t Ф. П. Врангель. 1796-1870 (очерк жизни и деятельности)  |f Б. Г. Островский 
464 |t Ф. Ф. Матюшкин. 1799-1872 (очерк жизни и деятельности)  |f Ю. В. Давыдов 
464 |t Экспедиция Ф. П. Врангеля и Ф. Ф. Матюшкина и изучение малых народов крайнего северо-востока  |f М. А. Сергеев 
600 1 |a Врангель  |b Ф. П.  |c мореплаватель  |c исследователь Арктики  |c адмирал  |c почетный член Петербургской АН (1855)  |c один из учредителей ИРГО  |f 1796-1870  |g Фердинанд Петрович  |2 stltpush  |3 (RuTPU)RU\TPU\pers\28680  |9 13496 
600 1 |a Головнин  |b В. М.  |c российский мореплаватель  |c вице-адмирал (1830), член-корреспондент Петербургской АН (1818), ученый, писатель, прогрессивный общественный и государственный деятель  |f 1776-1831  |g Василий Михайлович  |2 stltpush  |3 (RuTPU)RU\TPU\pers\14668  |9 4884 
600 1 |a Дежнев  |b С. И.  |c русский землепроходец  |f около 1605-1673  |g Семен Иванович  |2 stltpush  |3 (RuTPU)RU\TPU\pers\12415  |9 3423 
600 1 |a Кук  |b Д.  |f 1728-1779  |g Джеймс  |c английский мореплаватель  |2 stltpush  |3 (RuTPU)RU\TPU\pers\6124 
610 1 |a арктические экспедиции 
610 1 |a Сибирь 
610 1 |a Северный Ледовитый океан 
610 1 |a исследование 
610 1 |a 19 век 
610 1 |a история 
675 |a 91(99)(09)  |v 3 
700 1 |a Врангель  |b Ф. П.  |c мореплаватель  |c исследователь Арктики  |c адмирал  |c почетный член Петербургской АН (1855)  |c один из учредителей ИРГО  |f 1796-1870  |g Фердинанд Петрович  |2 stltpush  |3 (RuTPU)RU\TPU\pers\28680  |9 13496 
702 1 |a Шведе  |b Е.  |4 340 
801 1 |a RU  |b 63413507  |c 20110805 
801 2 |a RU  |b 63413507  |c 20200213  |g RCR 
942 |c BK